| 000 | 00600nam a2200205 i 4500 | ||
|---|---|---|---|
| 001 | 10532 | ||
| 003 | ES-MaACL | ||
| 005 | 20230906145915.0 | ||
| 008 | 950824s1955 sp |||| | spa d | ||
| 080 | _a656.7(46) | ||
| 100 | 1 |
_aNúñez Mayo, Oscar. _986215 |
|
| 245 | 1 | 0 |
_aAeropuertos / _cpor Oscar Núñez-Mayo. |
| 260 |
_aMadrid : _bPublicaciones Españolas, _c1955. |
||
| 300 |
_a30 p. ; _c24 cm. |
||
| 490 | 1 |
_aTemas españoles ; _v182 |
|
| 650 | 1 | 4 |
_aAeropuertos- _zEspaña. _99660 |
| 830 | 0 |
_aTemas españoles ; _v182 _9178712 |
|
| 852 |
_aES-MaACL _jL-17827 |
||
| 999 |
_c10532 _d10532 |
||